|
|
|
|
| LEADER |
00000nam0a2200000 4500 |
| 001 |
23994 |
| 005 |
20231101205601.0 |
| 010 |
|
|
|a 521001407X
|
| 035 |
|
|
|a (RuTPU)RU\TPU\book\24219
|
| 035 |
|
|
|a BOOK00024292
|
| 090 |
|
|
|a 23994
|
| 100 |
|
|
|a 20011209d1999 m y0rusy50 ca
|
| 101 |
0 |
|
|a rus
|
| 102 |
|
|
|a RU
|
| 105 |
|
|
|a y z 000zd
|
| 200 |
1 |
|
|a Мастера русского пейзажа. А. К. Саврасов, Л. Л. Каменев, М. П. Клодт, И. И. Шишкин
|e 1870-е годы
|f Ф. С. Мальцева
|
| 210 |
|
|
|a Москва
|c Искусство
|d 1999
|
| 215 |
|
|
|a 71 с.
|c ил.
|
| 300 |
|
|
|a На обл. загл.: Мастера русского пейзажа: Вторая половина XIX века.
|
| 600 |
|
1 |
|a Саврасов
|b А. К.
|g Алексей Кондратьевич
|c российский живописец
|c передвижник
|f 1830-1897
|2 stltpush
|3 (RuTPU)RU\TPU\pers\12164
|
| 600 |
|
1 |
|a Шишкин
|g Иван Иванович
|b И. И.
|c российский живописец и график
|c передвижник
|f 1832-1898
|2 stltpui
|3 (RuTPU)RU\TPU\pers\122
|
| 600 |
|
1 |
|a Клодт
|b Петр Карлович
|c российский скульптор
|f 1805-1867
|g Петр Карлович
|2 stltpush
|3 (RuTPU)RU\TPU\pers\13339
|9 3994
|
| 600 |
|
1 |
|a Каменев
|b Л. Л.
|c российский живописец
|c передвижник
|f 1833-1886
|g Лев Львович
|2 stltpush
|3 (RuTPU)RU\TPU\pers\13340
|9 3995
|
| 606 |
1 |
|
|a Пейзажная живопись
|2 stltpush
|3 (RuTPU)RU\TPU\subj\48429
|9 67299
|
| 610 |
1 |
|
|a искусство
|
| 610 |
1 |
|
|a живопись
|
| 610 |
1 |
|
|a история
|
| 610 |
1 |
|
|a русская живопись
|
| 610 |
1 |
|
|a пейзажи
|
| 610 |
1 |
|
|a 19 век
|
| 610 |
1 |
|
|a 20 век
|
| 610 |
1 |
|
|a альбомы
|
| 610 |
1 |
|
|a репродукции
|
| 675 |
|
|
|a 75.047
|v 3
|
| 700 |
|
1 |
|a Мальцева
|b Ф. С.
|g Фаина Сергеевна
|
| 801 |
|
0 |
|a RU
|b 63413507
|c 20011209
|g PSBO
|
| 801 |
|
2 |
|a RU
|b 63413507
|c 20140923
|g PSBO
|
| 942 |
|
|
|c BK
|